| Tag |
First Indicator |
Second Indicator |
Subfields |
| LEADER |
00000cam a2200000 i 4500 |
| 001 |
in00000055719 |
| 005 |
20151008052306.0 |
| 008 |
791218s1960 nyu 00010 eng d |
| 035 |
|
|
|a (OCoLC)05806720
|
| 035 |
|
|
|9 AAH2661AM
|
| 040 |
|
|
|a GPM
|c GPM
|d TXA
|d UtOrBLW
|
| 049 |
|
|
|a TXAM
|c [454379]
|
| 090 |
|
|
|a LB2387
|b .H3
|
| 092 |
|
|
|a 378.25
|b H153h, 1960
|
| 100 |
1 |
|
|a Haines, Charles E.
|
| 245 |
1 |
0 |
|a Honorary degrees : boon, bane, or racket.
|
| 264 |
|
1 |
|a New York,
|b [publisher not identified] ;
|c 1960.
|
| 300 |
|
|
|a 12 pages ;
|c 22 cm.
|
| 336 |
|
|
|a text
|b txt
|2 rdacontent
|
| 337 |
|
|
|a unmediated
|b n
|2 rdamedia
|
| 338 |
|
|
|a volume
|b nc
|2 rdacarrier
|
| 650 |
|
0 |
|a Degrees, Academic
|z United States.
|
| 999 |
|
|
|a MARS
|
| 999 |
f |
f |
|s 9afd0388-b743-3cf2-b2bf-4656b1d055d8
|i 9b75772d-e7fa-3295-8849-9dd4790bfbcb
|t 0
|
| 952 |
f |
f |
|p normal
|a Texas A&M University
|b College Station
|c Sterling C. Evans Library
|d Evans: Library Stacks
|t 0
|e LB2387 .H3
|h Library of Congress classification
|i unmediated -- volume
|m A14800863057
|
| 998 |
f |
f |
|a LB2387 .H3
|t 0
|l Evans: Library Stacks
|